| 000 | 00426nam a2200181Ia 4500 | ||
|---|---|---|---|
| 001 | 24115 | ||
| 008 | 140410s9999 xx 000 0 und d | ||
| 020 | _a0-7248-1109-5 | ||
| 040 | _cPK-LaUMT | ||
| 082 |
_a 152.46 _bBRE-S |
||
| 100 | _aGrant Brecht | ||
| 245 |
_aSorting out worry _cGrant Brecht |
||
| 260 |
_aNew York,USA: _bPrentice Hall, _c1996 |
||
| 300 | _a102 p. | ||
| 546 | _aEN | ||
| 650 | _aAnxiety | ||
| 942 | _cBK | ||
| 999 |
_c24322 _d24322 |
||